| 000 | 00527cam a2200205ua 4500 | ||
|---|---|---|---|
| 001 | 1048 | ||
| 008 | 110427n ii |||gr||||Z||||||eng | ||
| 020 | _a81-7206-011-4 | ||
| 040 | _cMAIN | ||
| 082 | _a351 | ||
| 245 | 1 |
_aLuka prakashan. _cBy Mrigendra Narayan Das. |
|
| 250 | _a1st. | ||
| 260 |
_aDibrugarh.: _bBani mandir.,993. |
||
| 300 |
_a474 p.: _c20 cm. |
||
| 653 | _aPolitical science. | ||
| 653 | _aLuka prasashan. | ||
| 700 | 1 |
_aDas, Mrigendra Narayan., _eauthor., |
|
| 700 | 1 | _aAhmed, Abu Nasar Sayed., | |
| 942 | _cBK | ||
| 999 |
_c965 _d965 |
||